| 000 | 00889nam a2200229Ii 4500 | ||
|---|---|---|---|
| 003 | JO-AjNU | ||
| 008 | 230605s9999||||xx |||||||||||||| ||und|| | ||
| 017 | _a2000/10/2774 | ||
| 020 | _a9957-11-496-4 | ||
| 040 |
_aJO-AjNU _bara _erda _cJO-AjNU |
||
| 041 | _aara | ||
| 050 | 1 | 4 | _aKMM394.6.A35.2005 |
| 100 | 3 |
_aأحمد، عبدالرحمن توفيق, _eauthor _946994 |
|
| 245 | 0 | 0 | _a الجرائم التي تقع على الأموال في قانون العقوبات الأردني وفق آخر التعديلات التي طرأت عليه |
| 250 | _aط1 | ||
| 264 | 3 | 1 | _aعمان : دار وائل ، 2005 |
| 300 | _a437ص | ||
| 336 |
_atext _btxt _2rdacontent |
||
| 337 |
_aunmediated _bn _2rdamedia |
||
| 338 |
_avolume _bnc _2rdacarrier |
||
| 650 | 4 |
_aالأموال -- قوانين وتشريعات -- الأردن -- قانون العقوبات -- الأردن _946995 |
|
| 999 |
_aA20484 _c24052 _d24052 |
||